000 00261nam a22001097a 4500
008 170117b xxu||||| |||| 00| 0 eng d
020 _a9780131715776
041 _aeng
080 _a618.2
245 _aCOMPREHENSIVE MEDICAL ASSISTING
_cBEAMAN, N
942 _2udc
_cBK
999 _c3031
_d3031